Navigating the landscape of marketing research / (Record no. 98756)

MARC details
000 -LEADER
fixed length control field 00941nam a22002657a 4500
003 - CONTROL NUMBER IDENTIFIER
control field URS
005 - DATE AND TIME OF LATEST TRANSACTION
control field 20260223164111.0
008 - FIXED-LENGTH DATA ELEMENTS--GENERAL INFORMATION
fixed length control field 260218t2024 ph ||||| |||| 001 0 eng d
020 ## - INTERNATIONAL STANDARD BOOK NUMBER
International Standard Book Number 9879719655992
040 ## - CATALOGING SOURCE
Original cataloging agency DLC
Language of cataloging eng
Transcribing agency DLC
Modifying agency DLC
-- URS
Description conventions rda
082 ## - DEWEY DECIMAL CLASSIFICATION NUMBER
Classification number 658.827
Item number N229 2024
100 ## - MAIN ENTRY--PERSONAL NAME
Personal name Pasahol, Jhon Ven Saint L.,
Relator term authors.
245 ## - TITLE STATEMENT
Title Navigating the landscape of marketing research /
Statement of responsibility, etc. Jhon Ven Saint L. Pasahol, ...[and three others]
264 ## - PRODUCTION, PUBLICATION, DISTRIBUTION, MANUFACTURE, AND COPYRIGHT NOTICE
Place of production, publication, distribution, manufacture Intramuros, Manila:
Name of producer, publisher, distributor, manufacturer Mindshapers Co., Inc.,
Date of production, publication, distribution, manufacture, or copyright notice [2024]
300 ## - PHYSICAL DESCRIPTION
Extent vi, 168 pages;
Dimensions 25 cm.
336 ## - CONTENT TYPE
Source rdacontent
Content type term text
Content type code txt
337 ## - MEDIA TYPE
Source rdamedia
Media type term unmediated
Media type code n
338 ## - CARRIER TYPE
Source rdacarrier
Carrier type term volume
Carrier type code nc
504 ## - BIBLIOGRAPHY, ETC. NOTE
Bibliography, etc. note Includes bibliographical references(pages 167-168), and indexes.
650 ## - SUBJECT ADDED ENTRY--TOPICAL TERM
Topical term or geographic name entry element Marketing research.
700 ## - ADDED ENTRY--PERSONAL NAME
Personal name Tingga, Chanda R.,
Relator term authors.
700 ## - ADDED ENTRY--PERSONAL NAME
Personal name Oliveros, Hernan M.,
Relator term authors.
700 ## - ADDED ENTRY--PERSONAL NAME
Personal name Maddagan, Ma. Theresa G.,
Relator term authors.
942 ## - ADDED ENTRY ELEMENTS (KOHA)
Source of classification or shelving scheme Dewey Decimal Classification
Koha item type Filipiniana
Holdings
Withdrawn status Source of classification or shelving scheme Damaged status Not for loan Home library Current library Shelving location Date acquired Total Checkouts Full call number Barcode Date last seen Price effective from Koha item type
  Dewey Decimal Classification     Pililla College Library Pililla College Library Filipiniana Section 02/18/2026   658.827 N229 2024 URSPIL-7338 02/18/2026 02/18/2026 Filipiniana

University of Rizal System
Email us at univlibservices@urs.edu.ph

Visit our Website www.urs.edu.ph/library